Gaming Quiz

Random Gaming or Pokémon Quiz

Name the pokemon Quiz Stats

 Plays Quiz not verified by Sporcle

Score 0/10 Timer 03:00
0 Plays Today
Hint Pokemon % Correct
An electric mouse pokemonpikachu
98.6%
A poison bat pokemonzubat
96.3%
A fire fox pokemonvulpix
92.9%
A water star fish pokemonstaryu
88.7%
A water goldfish pokemongoldeen
87.2%
A poison sludge pokemonmuk
83.5%
A virtual pokemonporygon
76.6%
A genetic pokemonmewtwo
68.2%
A grass vine pokemontangela
57.1%
A coconut pokemonexeggutor
52.4%

You're not logged in!

Compare scores with friends on all Sporcle quizzes.
OR
Log In

Show Comments

Extras

Created Nov 19, 2010ReportNominate
Tags:Pokémon Quiz

Top Quizzes Today


Score Distribution

Your Account Isn't Verified!

In order to create a playlist on Sporcle, you need to verify the email address you used during registration. Go to your Sporcle Settings to finish the process.

Report this User

Report this user for behavior that violates our Community Guidelines.

Details: